Central Library OPAC University of Rajshahi

The musical structure of Nō / (Record no. 16566)

MARC details
000 -LEADER
fixed length control field 00921nam a2200277 a 4500
001 - CONTROL NUMBER
control field 16566
003 - CONTROL NUMBER IDENTIFIER
rucl marc code BD-RjUL
005 - DATE AND TIME OF LATEST TRANSACTION
control field 20211209000027.0
008 - FIXED-LENGTH DATA ELEMENTS--GENERAL INFORMATION
fixed length control field 140213s1981 ja ag b z001 0 eng d
035 ## - SYSTEM CONTROL NUMBER
System control number (BD-RjUL)16621
040 ## - CATALOGING SOURCE
Original cataloging agency DLC
Transcribing agency DLC
Modifying agency DLC
-- BD-RjUL
Language of cataloging eng
041 1# - LANGUAGE CODE
Language code of text/sound track or separate title engfre
082 00 - DEWEY DECIMAL CLASSIFICATION NUMBER
Classification number 782.810952
Author mark and year TAM 1981
Edition number 19
100 1# - MAIN ENTRY--PERSONAL NAME
Personal name Tamba, Akira.
9 (RLIN) 51195
245 14 - TITLE STATEMENT
Title The musical structure of Nō /
Statement of responsibility, etc. Akira Tamba, translated from the French by Patricia Matoré.
260 ## - PUBLICATION, DISTRIBUTION, ETC. (IMPRINT)
Place of publication, distribution, etc. Tokyo :
Name of publisher, distributor, etc. Tokai University Press,
Date of publication, distribution, etc. 1981.
300 ## - PHYSICAL DESCRIPTION
Pagination 242 p. :
Illustrations ill., music ;
Size 25 cm.
500 ## - GENERAL NOTE
General note Translation of: La structure musicale du nô.
504 ## - BIBLIOGRAPHY, ETC. NOTE
Bibliography, etc Includes bibliography and index.
650 #0 - SUBJECT ADDED ENTRY--TOPICAL TERM
Topical term or geographic name as entry element Nō music
General subdivision History and criticism.
9 (RLIN) 51196
Topical term or geographic name as entry element Music
Geographic subdivision Japan
General subdivision History and criticism.
9 (RLIN) 50593
942 ## - ADDED ENTRY ELEMENTS (KOHA)
Source of classification or shelving scheme Dewey Decimal Classification
Koha item type Books
Holdings
Lost status Source of classification or shelving scheme Damaged status Not for loan Collection code Permanent Location Current Location Shelving location Date acquired Source of acquisition Total Checkouts Full call number Date last seen Copy number Koha item type
  Dewey Decimal Classification   Not For Loan Non-fiction Central Library, University of Rajshahi Central Library, University of Rajshahi Reading Room 05/07/1964 Japan Foundation, Gift.   782.810952 TAM 1981 13/02/2014 C-1 Books